MDQL
is popping MORE tags! Check the
thread
!
Quizzes
Events
Quiz Creation
Community
Videos
Private Events
Remove Ads
Sign In
Join for FREE
Feedback
Dark Mode
Quiz Categories
Sports
Geography
Music
Movies
Television
Just For Fun
Miscellaneous
History
Literature
Language
Science
Gaming
Entertainment
Religion
Holiday
For Kids
Quiz Lab
Recent
Popular Today
Quiz Kudos Today
Editor Picks
Curator Picks
Quizzes by...
Day
Popularity
Type
Ratings
Length
Year
Community
Subscriptions
Recent Discussions
Orange Saloon
Badges
Playlists
Quests
Create
Leaderboards
Showdown
Live 5
Trivia Bingo
Activity
Puzzle Library
Sporcle Events
Private Events
Virtual Trivia
Globe League
Become a Host
Pub Owners
SporcleCon
Opinionation
Our Games
Videos
Blog
Mobile Apps
Partnerships
Remove Ads and Go Orange
Feedback
Gaming
Video Games
Board Games
Card Games
Pokémon
Mario
Nintendo
Minecraft
Console
Toys
Legend of Zelda
Gaming
Video Games
Board Games
Card Games
Pokémon
Mario
Nintendo
Minecraft
Console
Toys
Legend of Zelda
Random Quiz
Search Sporcle
×
Quiz Lab
Quiz Lab
Gaming
Pokémon
Type in answers that appear in a list
Type in answers that appear in a list
Classic
Best Score? Go Orange.
Pokemon With Mega Evolutions Stats
Can you name the Pokemon With Mega Evolutions?
By
Kingdead
10m
46 Questions
126 Plays
126 Plays
126 Plays
Comments
Comments
Give Quiz Kudos
Give Quiz Kudos
-
- Ratings
hide this ad
Replay
Link that replays current quiz
Next Quiz
Link to next quiz in quiz playlist
You Got
0%
They Got
Avg Score
81%
Avg Friend Score
Upgrade to see
Score Distribution
Jump to the score distribution portion of the page
Score
0/46
Timer
10:00
0
Plays Today
Hint
Answer
% Correct
Fire/
Flying (Two Megas)
Charizard
97.6%
Grass/
Poison
Venusaur
96.8%
Water
Blastoise
95.2%
Ghost/
Poison
Gengar
94.4%
Psychic (Two Megas)
Mewtwo
91.3%
Grass
Sceptile
89.7%
Psychic
Alakazam
88.9%
Fire/
Fighting
Blaziken
86.5%
Bug/
Steel
Scizor
85.7%
Bug/
Poison
Beedrill
85.7%
Water/
Flying
Gyarados
84.9%
Water/
Ground
Swampert
84.9%
Rock/
Flying
Aerodactyl
84.9%
Normal/
Flying
Pidgeot
84.1%
Dragon/
Flying
Salamence
83.3%
Bug
Pinsir
82.5%
Bug/
Fighting
Heracross
82.5%
Rock/
Dark
Tyranitar
82.5%
Dragon/
Ground
Garchomp
82.5%
Steel/
Ground
Steelix
82.5%
Grass/
Ice
Abomasnow
81.7%
Dragon/
Flying
Rayquaza
81.7%
Fighting/
Steel
Lucario
81%
Hint
Answer
% Correct
Steel/
Psychic
Metagross
80.2%
Electric
Ampharos
79.4%
Dark/
Fire
Houndoom
79.4%
Psychic/
Fairy
Gardevoir
79.4%
Steel/
Fairy
Mawile
79.4%
Fighting/
Psychic
Medicham
78.6%
Dark/
Ghost
Sableye
78.6%
Dragon/
Psychic
Latias
78.6%
Dragon/
Psychic
Latios
78.6%
Rock/
Fairy
Diancie
78.6%
Fire/
Ground
Camerupt
77.8%
Electric
Manectric
77%
Water/
Dark
Sharpedo
77%
Dragon/
Flying
Altaria
77%
Ice
Glalie
77%
Normal
Kangaskhan
76.2%
Steel/
Rock
Aggron
76.2%
Ghost
Banette
74.6%
Dark
Absol
74.6%
Water/
Psychic
Slowbro
74.6%
Normal
Audino
74.6%
Psychic/
Fighting
Gallade
73%
Normal
Lopunny
66.7%
Quiz Playlist
Details
Report
Send in Message
Add To Playlist
Classic:
Type in answers that appear in a list
Last Updated: Feb 16, 2017
Quiz Scoreboard
CHALLENGE
Sign Up to Join the Scoreboard
Show All
Scores
Hide
Comments
May contain spoilers
Recently Published
Holiday 10x10 Sorting Gallery
by lukepisani3
Holiday
15m
Two Season TV Shows II
by 123Four
Television
10m
Image Sorting: Flags VI
by Barbecue
Geography
2m
More to Explore
Quiz From the Vault
Featured Blog Post
14 Easter Pick-up Lines to Find Eggs With
hide this ad
You Might Also Like...
Tags
Pokémon Quiz
All Pokémon
Legendary Pokémon
Mega Evolution
Starting Pokémon
Today's Top Quizzes in Gaming
Browse Gaming
hide this ad
Today's Top Quizzes in Pokémon
Browse Pokémon
Top Contributed Quizzes in Gaming
1
League of Legends Pro Players by Career/Team History
2
Genshin Impact Logic Puzzle
3
Destiny 2 exotic weapons by perk icons
4
Genshin Impact Logic Puzzle Quiz
5
Genshin murder mystery
6
4x4 Decades: Video Games
7
Who's on the WWE 2K24 Cover?
8
Ultimate Genshin Impact Logic Puzzle (up to 4.3)
9
Dead By Daylight Logic Puzzle
10
Undertale Logic Puzzle
Explore More
Trending Topics
Anime
Disney
Kpop
Harry Potter
NBA
Crossword
Marvel
NFL
Country
The Office
Song
Soccer
WWE
Pokémon
Puzzle
hide this ad
More By:
Kingdead
Quiz
Plays
Rating
Category
Featured
Created
Pokemon With Mega Evolutions
126
Gaming
Aug 23, 2016
Go to Creator's Profile
Score Distribution
Quiz Creator Spotlight
Kingdead
Follow
Send a Message
Quizzes Created
-
Created Quiz Play Count
-
More By This Creator
Popular Quizzes Today
1
Find the US States - No Outlines Minefield
2
Colored Red Africa Blitz
3
Find the 'City' Movie
4
The Countries of the World
5
5x2 Blitz: Bands
6
Find the US States
7
Find the Countries of Europe - No Outlines Minefield
8
US States
More Gaming Quizzes
World of Warcraft: Human Classes
Quiz Lab
Trending Quizzes
Colored Red Europe Blitz I
Colored Red Europe Blitz II
Colored Red Africa Blitz II
Colored Red Europe Blitz III
Colored Red Africa Blitz III
Recently Updated
Odd Team Out - Big 4 Players
pecheneg
Quick Pick: 20 Twenties
pecheneg
March Madness Men's Triple Doubles
pecheneg
How Do You Spell That?
pecheneg
Godzilla Movies
pecheneg
Grab Bag: 4-10 Letters
pecheneg
2024 March Madness Bracket
pecheneg
Famous TV Couples
Peacemaker
Champions League XIs: Real Madrid
pecheneg
Largest US Cities 1790-2010
pecheneg
Trending Topics
NBA
Disney
Marvel
Kpop
Crossword
Anime
Harry Potter
The Office
Country
Song
WWE
Soccer
NFL
Puzzle
Pokémon
Your Account Isn't Verified!
In order to create a playlist on Sporcle, you need to verify the email address you used during registration. Go to your
Sporcle Settings
to finish the process.
Report this User
Report this user for behavior that violates our
Community Guidelines
.
Details:
Send Report
Go to the Sporcle.com Mobile Site →
Comments